000
003240000a22001450004500
001
005694
003
MACL
040
_a
MACL
090
_c
17687
_d
17686
245
_a
Rooh ul Islam
_b
Karpardazane Daftar N Age
260
_a
Punjab National Agency Panipat
350
_a
0.75
650
_a
Urdu Literature
942
_k
891
_c
Book
999
_c
17576
_d
17576